| 000 | 00707nam a2200217Ia 4500 | ||
|---|---|---|---|
| 005 | 20241129110056.0 | ||
| 008 | 241129s9999||||xx |||||||||||||| ||und|| | ||
| 020 | _a978-93-95392-08-2 | ||
| 037 | _aTB | ||
| 040 |
_aARTS _beng _cARTS |
||
| 041 |
_aeng _2san |
||
| 084 |
_aQ127:4x1,1 15R3 _qARTS |
||
| 100 |
_aKatayayan Bhagwat Au.; MacDownal A. A. Au.; Nanawati Rajendra Tr. _9727117 |
||
| 245 | 0 |
_aSarwanukarmani: vedarthadipika _cKatayayan Bhagwat Au.; MacDownal A. A. Au.; Nanawati Rajendra Tr. |
|
| 260 |
_aVaranasi, India _bBharatiya Vidya _c2021 |
||
| 300 | _axxix,236p. | ||
| 365 |
_aINR _b695 |
||
| 650 | _aReligion | ||
| 942 |
_cTB _hQ127:4x1,1 15R3 |
||
| 999 |
_c1227212 _d1227212 |
||